| 000 | 01144nam a22003377a 4500 | ||
|---|---|---|---|
| 003 | CHAP | ||
| 005 | 20220329140430.0 | ||
| 008 | 971013s1983 r 00010 d | ||
| 010 | _a51872 | ||
| 011 | _a52844 | ||
| 035 | _a56994 | ||
| 040 | _cCHAP | ||
| 090 | _aTesis | ||
| 100 | 0 | 0 |
_aRomán Díaz, Ana María. _999737 |
| 245 | _aAnálisis de la comercialización de la lana y la carne de ovino de la zona del Ajusco, D. F. | ||
| 260 |
_aMéxico, D. F. : _bEl autor, _c1983 |
||
| 300 | _a97 h. | ||
| 502 | _aTesis (Médico Veterinario Zootecnista) -- UNAM. Facultad de Medicina Veterinaria y Zootecnia | ||
| 590 |
_aALEPH _b10 _c20130110 _lUCH01 _h1328 |
||
| 590 |
_aBATCH-UPD _b10 _c20130110 _lUCH01 _h0504 |
||
| 590 |
_aBATCH-UPD _b10 _c20130110 _lUCH01 _h2252 |
||
| 590 |
_aBATCH-UPD _b10 _c20130410 _lUCH01 _h1545 |
||
| 590 |
_aBATCH-UPD _b10 _c20130914 _lUCH01 _h0849 |
||
| 590 |
_aCONVERSION _b10 _c20130109 _lUCH01 _h1328 |
||
| 650 | 1 | 4 |
_aCarne de borrego. _919118 |
| 650 | 1 | 4 |
_aGanado lanar _xMercadeo. _945195 |
| 650 | 1 | 4 |
_aLana _xMercadeo _xMéxico. _964615 |
| 901 | _aBK | ||
| 942 | _cTESIS | ||
| 949 |
_bBC _cTES _d-124188 _eTS1 _i56994 _si |
||
| 999 |
_c51872 _d51872 |
||